| 000 | 00426nam a22001697a 4500 | ||
|---|---|---|---|
| 003 | NUST - PNEC | ||
| 005 | 20170116180839.0 | ||
| 008 | 150818b xxu||||| |||| 00| 0 eng d | ||
| 020 | _a0534983812 | ||
| 040 | _cLIBRARY | ||
| 082 | _a510 FLE | ||
| 100 |
_95265 _a Fletcher, Peter |
||
| 245 |
_aFoundations of discrete mathematics _cPeter, Fletcher |
||
| 260 | _cc 1991 | ||
| 650 |
_95266 _aMathematics _x- |
||
| 942 |
_2ddc _cBK |
||
| 999 |
_c64353 _d64353 |
||